El enclavado intramedular / (Record no. 87631)

MARC details
000 -LEADER
campo de control de longitud fija 00667nam a2200193 i 4500
001 - NÚMERO DE CONTROL
campo de control 87631
003 - IDENTIFICADOR DE NÚMERO DE CONTROL
campo de control ES-MaACL
005 - FECHA Y HORA DE LA ÚLTIMA TRANSACCIÓN
campo de control 20230906175717.0
007 - CAMPO FIJO DE DESCRIPCIÓN FÍSICA--INFORMACIÓN GENERAL
campo de control de longitud fija t|
008 - DATOS DE LONGITUD FIJA--INFORMACIÓN GENERAL
campo de control de longitud fija 041222s1965 sp ||||1| spa d
100 1# - ENTRADA PRINCIPAL--NOMBRE DE PERSONA
Nombre de persona Kuentscher, Gerhard.
9 (RLIN) 68963
245 13 - MENCIÓN DEL TÍTULO
Título El enclavado intramedular /
Mención de responsabilidad, etc. por Gerhard Küntscher ; versión, Jaime Profitos Palou ; presentación, F. Jimeno Vidal.
260 ## - PUBLICACIÓN, DISTRIBUCIÓN, ETC.
Lugar de publicación, distribución, etc. Barcelona, etc. :
Nombre del editor, distribuidor, etc. Editorial Científico-Médica,
Fecha de publicación, distribución, etc. 1965.
300 ## - DESCRIPCIÓN FÍSICA
Extensión XX, 383 p. :
Otras características físicas il. ;
Dimensiones 25 cm.
700 1# - ENTRADA AGREGADA--NOMBRE PERSONAL
Nombre de persona Profitós Palou, Jaime.
9 (RLIN) 94021
700 1# - ENTRADA AGREGADA--NOMBRE PERSONAL
Nombre de persona Jimeno Vidal, F.
9 (RLIN) 66660
852 ## - LOCALIZACIÓN
Ubicación ES-MaACL
Número de control de estantería C-26694
Sublocalización o colección R.55914
852 ## - LOCALIZACIÓN
Ubicación ES-MaACL
Número de control de estantería C-32958
Sublocalización o colección R.56291
Holdings
Estatus retirado Estado de pérdida Estado de daño No para préstamo Biblioteca de origen Biblioteca actual Ubicación en estantería Fecha de adquisición Fuente de adquisición Total de préstamos Signatura topográfica completa Código de barras Visto por última vez Precio de reemplazo Tipo de ítem Koha
        Biblioteca del Ateneo de Madrid Biblioteca del Ateneo de Madrid Depósito 2 17/01/2008     C-32958 1091549 23/02/2023 23/02/2023 Libro impreso
        Biblioteca del Ateneo de Madrid Biblioteca del Ateneo de Madrid Depósito 2 17/01/2008     C-26694 1091548 23/02/2023 23/02/2023 Libro impreso